Εγκαινιάστηκε το Ανακαινισμένο Ιστορικό Κτίριο του Ε.Β.Ε.Α. (Record no. 8990)
[ view plain ]
| 000 -LEADER | |
|---|---|
| fixed length control field | 01430cam a22001814a 4500 |
| 005 - ΗΜΕΡΟΜΗΝΙΑ ΚΑΙ ΩΡΑ ΤΕΛΕΥΤΑΙΑΣ ΕΝΗΜΕΡΩΣΗΣ | |
| Πεδίο ελέγχου | 20250605164349.0 |
| 008 - FIXED-LENGTH DATA ELEMENTS--GENERAL INFORMATION | |
| Πεδίο ελέγχου σταθερού μήκους | 250528s ||||||||||||||||||||||||d |
| 035 ## - SYSTEM CONTROL NUMBER | |
| System control number | 24091 |
| 040 ## - ΠΗΓΗ ΚΑΤΑΛΟΓΟΓΡΑΦΗΣΗΣ | |
| Φορέας πρωτότυπης καταλογογράφησης | MC Athens Campus Library |
| Γλώσσα καταλογογράφησης | Ελληνικά, Μοντέρνα (1453-) |
| Modifying agency | MC Athens Campus Library |
| Κανόνες περιγραφικής καταλογογράφησης | AACR2 |
| 245 1# - ΤΙΤΛΟΣ ΚΑΙ ΔΗΛΩΣΗ ΥΠΕΥΘΥΝΟΤΗΤΑΣ | |
| Τίτλος | Εγκαινιάστηκε το Ανακαινισμένο Ιστορικό Κτίριο του Ε.Β.Ε.Α. |
| 260 ## - PUBLICATION, DISTRIBUTION, ETC. | |
| Name of publisher, distributor, etc. | Εμπορικό Και Βιομηχανικό Επιμελητήριο Αθηνών, |
| Date of publication, distribution, etc. | 2017 |
| 300 ## - PHYSICAL DESCRIPTION | |
| Extent | 64 |
| 520 ## - SUMMARY, ETC. | |
| Summary, etc. | Η Alitrip στην Ελλάδα: Ενισχύοντας τον Εισερχόμενο Τουρισμό από την Κίνα στην Ελλάδα, Προϋπολογισμός της Ε.Ε. για το 2018, Οι Κόκκινες Γραμμές, Ανασχεδιάζεται ο Χάρτης του Εξαγωγικού Εμπορίου, Μια Παγιωμένη Εικόνα στην Αγορά της Αυήνας Καταδεικνύει η Καταγραφή των Κλειστών Καταστημάτων, Ο Ρόλος των Θερμοκοιτίδων Υποστήριξης Νεοδυούς και Καινοτόμου Επιχειρηματικότητας στην Ανάπτυξη Βιώσιμων Νέων Εταιριών, Οι Τουρίστες Ζούνε τον Μύθο τους στην Ελλάδα. |
| 700 1# - ΠΡΟΣΘΕΤΗ ΑΝΑΓΡΑΦΗ--ΦΥΣΙΚΟ ΠΡΟΣΩΠΟ | |
| Personal name | Μίχαλος Κωνσταντίνος |
| 9 (RLIN) | 4319 |
| 942 ## - ADDED ENTRY ELEMENTS (KOHA) | |
| Koha item type | Περιοδικά Δημοσιεύματα |
| Τύπος τεκμηρίου | Βιβλιοθήκη | Τρέχουσα τοποθεσία | Barcode | Ημερομηνία απόκτησης | Ταξιθετικό σύμβολο | Αριθμός αντιτύπου | Αρίθμηση σειρών / χρονολογία | Κατάσταση απόσυρσης | Κατάσταση χαμένου | Κατάσταση κατεστραμμένου | Μη δανεισμός | Σύνολο δανεισμών | Ημερομηνία τελευταίας εμφάνισης | Η τιμή ισχύει από |
|---|---|---|---|---|---|---|---|---|---|---|---|---|---|---|
| Περιοδικά Δημοσιεύματα | MC Athens Campus Library | MC Athens Campus Library | 9780000089892 | 05/06/2025 | ΑΝΑΠΤΥΞΗ | 1 | 6 | 05/06/2025 | 05/06/2025 |